Music Quiz

Random Music or Artist Quiz

Artists Spanning 10+ Yrs In 1001 Albums Quiz Stats

 Plays Quiz not verified by Sporcle

Score 0/28 Timer 10:00
0 Plays Today
First Album Artist % Correct
1956Elvis Presley
55.9%
1963Bob Dylan
54.4%
1989Madonna
52.4%
1983U2
50.6%
1975Bruce Springsteen
44.1%
1967Pink Floyd
40.7%
1975Aerosmith
31.4%
1968Johnny Cash
29.6%
1986Metallica
29.4%
1969Neil Young With Crazy Horse
29.2%
1995Radiohead
28.6%
1955Frank Sinatra
28.1%
1994Green Day
20.4%
1972Paul Simon
20.4%
First Album Artist % Correct
1957Miles Davis
19.4%
1977Elvis Costello
16.8%
1973ZZ Top
12.8%
1975Tom Waits
11.9%
1968Leonard Cohen
9.9%
1975Emmylou Harris
9.1%
1960Muddy Waters
7.4%
1988Morrissey
6.4%
1992Nick Cave And The Bad Seeds
5.3%
1994Portishead
4.2%
1986XTC
2.8%
1979The Fall
2.5%
1974Robert Wyatt
1.8%
1994Ali Farka Toure
1.1%

You're not logged in!

Compare scores with friends on all Sporcle quizzes.
OR
Log In

Show Comments

Extras

Top Quizzes Today


Score Distribution

Your Account Isn't Verified!

In order to create a playlist on Sporcle, you need to verify the email address you used during registration. Go to your Sporcle Settings to finish the process.

Report this User

Report this user for behavior that violates our Community Guidelines.

Details: